Living history / (Record no. 12823)

000 -LEADER
fixed length control field 00451cam a22001694a 4500
020 ## - INTERNATIONAL STANDARD BOOK NUMBER
ISBN 0743222245
040 ## - CATALOGING SOURCE
Transcribing agency CLE
082 ## - DEWEY DECIMAL CLASSIFICATION NUMBER
Classification number 973 SIM 2003 A100 Or.
100 1# - MAIN ENTRY--AUTHOR NAME
Personal name Clinton, Hillary Rodham.
245 10 - TITLE STATEMENT
Title Living history /
260 ## - PUBLICATION, DISTRIBUTION, ETC. (IMPRINT)
Place of publication New York, NY :
Name of publisher Simon & Schuster,
Year of publication c2003.
300 ## - PHYSICAL DESCRIPTION
Number of Pages xi, 562 p., [32] p. of plates :
Other physical details ill. ;
Dimensions 24 cm.
500 ## - GENERAL NOTE
General note Includes index.
650 #0 - SUBJECT ADDED ENTRY--TOPICAL TERM
Topical Term Presidents' spouses
650 #0 - SUBJECT ADDED ENTRY--TOPICAL TERM
Topical Term Legislators
942 ## - ADDED ENTRY ELEMENTS (KOHA)
Koha item type សៀវភៅភាសាអង់គ្លេស
952 ## - LOCATION AND ITEM INFORMATION (KOHA)
Withdrawn status [LOCAL, KOHA] 0
Holdings
Permanent Location Date acquired Koha item type Lost status Shelving location Barcode Current Location Full call number
Library Block A2017-08-17សៀវភៅភាសាអង់គ្លេស A100A15576Library Block A973 SIM 2003 A100 Or.
មជ្ឈមណ្ឌលឯការនៃសាកលវិទ្យាល័យភូមិន្ទកសិកម្មចំការដូង

Powered by Koha